000 00524nam a2200157 i 4500
001 99649
003 ES-MaACL
005 20230906182531.0
008 050914s1930 sp |||| | spa d
100 1 _aMartínez Aguiar, Manuel.
_977821
245 1 4 _aLos factores del cambio /
_cconferencia de D. Manuel Martínez Aguiar, conde de Pedroso y de Garro.
260 _aMadrid :
_bC. Bermejo,
_c1930.
300 _a60 p. ;
_c18 cm.
651 4 _aEspaña-
_xPolítica monetaria-
_y1902-1931.
_9163300
852 4 _aES-MaACL
_j1736-F-15
999 _c99649
_d99649